| 000 | 00768na a2200253 4500 | ||
|---|---|---|---|
| 001 | 23743 | ||
| 003 | MIRAKIL | ||
| 005 | 20181213154919.0 | ||
| 008 | 171219b tu 000 0 | ||
| 020 | _a9786058531109 | ||
| 040 |
_aMilas _btur _cTR-AnCHP |
||
| 041 | _atur | ||
| 082 |
_a939.2 _bE95b 2014 |
||
| 090 | _a939.2 E95b 2014 | ||
| 100 | _aEyice, Semavi | ||
| 245 |
_aBinbirkilise _bKaradağ _cSemavi Eyice ; editör İlker Mete Mimiroğlu |
||
| 260 |
_aKonya _bKaraman Belediyesi Kültür yayınları _c2014 |
||
| 300 |
_a245 s. _bfotğ. _c26 |
||
| 650 |
_aMimari yapılar _xKiliseler _yTarih _zAnadolu |
||
| 650 |
_aAnadolu (Türkiye) _xİnanışlar _yTarih |
||
| 650 |
_aTarih _xAnadolu (Türkiye) |
||
| 700 | _aMimiroğlu, İlker Mete | ||
| 942 |
_2ddc _cBKS |
||
| 999 |
_c3074 _d3074 |
||